La educación cómo práctica de la libertad.

Guardat en:
Dades bibliogràfiques
Autor principal: Freire, Paulo (autor)
Altres autors: Ronzoni, Lilién (traducción)
Format: Llibre
Publicat: Buenos Aires, Argentina: Siglo Veintiuno Editores, 2008.
Edició:2a. ed
Col·lecció:Biblioteca Clásica de Siglo Veintiuno.
Matèries:
Etiquetes: Afegir etiqueta
Sense etiquetes, Sigues el primer a etiquetar aquest registre!

MARC

LEADER 00000cam a2200000 a 4500
001 UCH4869
003 CL-VaPUC
005 20230324104041.0
008 220707t2008 ||||| |||| 00| 0 eng d
999 |c 336120  |d 336118 
020 |a 978-987-629-021-0 
040 |c Pontificia Universidad Católica de Valparaíso 
082 0 4 |a 370.112 FRE 2008  |2 21 
100 |a Freire, Paulo  |e autor  |9 352356 
245 1 3 |a La educación cómo práctica de la libertad. 
250 |a 2a. ed 
260 |a Buenos Aires, Argentina:  |b Siglo Veintiuno Editores,  |c 2008. 
300 |a 150 páginas. 
490 |a Biblioteca Clásica de Siglo Veintiuno. 
583 |a last modification  |c 20130122 09:44:48  |k Rodrigo Vera 
650 0 |a Filosofía de la educación   |9 258384 
650 0 |a Teoría de la educación   |9 309368 
650 0 |a Pedagogía  |9 255351 
700 |a Ronzoni, Lilién  |e traducción  |9 872369 
942 |c BK  |2 ddc 
945 |d 20090910 00:00:00  |a rbrito 
952 |0 0  |1 0  |4 0  |6 370_112000000000000_FRE_2008  |7 0  |8 R  |9 427067  |a BIBEDU  |b BIBEDU  |c MCIRC  |d 2019-11-22  |i 460038K  |l 2  |o 370.112 FRE 2008  |p 460038K  |r 2025-04-10  |s 2025-04-08  |w 2019-11-22  |y BK_R  |k PSI 
952 |0 0  |1 0  |4 0  |6 370_112000000000000_FRE_2008  |7 0  |8 A  |9 427068  |a BIBMAT  |b BIBMAT  |c E_DIDACT  |d 2019-11-22  |i 4948017  |l 2  |o 370.112 FRE 2008  |p 4948017  |r 2025-01-07  |s 2020-10-23  |w 2019-11-22  |y BK  |k MAT 
952 |0 0  |1 0  |2 ddc  |3 erb  |4 0  |6 370_112000000000000_FRE_2008  |7 0  |8 A  |9 427069  |a BIBTEO  |b BIBTEO  |c GEN  |i 5244730  |o 370.112 FRE 2008  |p 5244730  |r 2025-01-17  |w 2019-11-22  |y BK  |z Catalogado en:20151022  |k ICR 
952 |0 0  |1 0  |2 ddc  |4 0  |6 370_112000000000000_FRE_2008  |7 0  |8 A  |9 584501  |a BIBTEO  |b BIBTEO  |c GEN  |d 2022-07-07  |e 62  |g 11205.00  |i 5652694  |l 1  |o 370.112 FRE 2008  |p 5652694  |r 2025-01-17  |s 2022-10-05  |t 4  |v 11205.00  |w 2022-07-07  |y BK  |k ICR